| 000 | 02368nam a2200397 i 4500 | ||
|---|---|---|---|
| 001 | 5239619 | ||
| 003 | CZ PrSKC | ||
| 005 | 20260511085324.0 | ||
| 007 | ta | ||
| 008 | 260507s2026 xr g 000 f cze | ||
| 020 |
_a9788027760640 _cKč 449,00 |
||
| 040 |
_aABG001 _bcze _erda |
||
| 041 | 1 |
_acze _heng |
|
| 072 | 7 |
_a821.111(73)-3 _xAmerická próza _2Konspekt |
|
| 080 |
_a821.111(73)-31 _2MRF |
||
| 080 |
_a(0:82-311.9) _2MRF |
||
| 100 | 1 |
_aErlick, Nikki _4aut _920745 |
|
| 240 | 1 | 0 |
_aPoppy fields. _lČesky |
| 245 | 1 | 0 |
_aMaková pole / _cNikki Erlick ; přeložila Lenka Faltejsková |
| 264 | 1 |
_aPraha : _bDobrovský s.r.o., _c2026 |
|
| 300 |
_a341 stran ; _c21 cm |
||
| 490 | 1 | _aKontrast | |
| 490 | 1 | _aFobos | |
| 500 | _aPřeloženo z angličtiny | ||
| 500 | _aObálkový podnázev: román | ||
| 500 | _aNa titulním listě uvedena edice Kontrast, v tiráži uvedena edice Fobos | ||
| 520 | 2 |
_aV Kalifornii, v zařízení nazývaném Maková pole, je poskytována naděje těm, kteří mají zlomená srdce. Pomocí nové technologie je možné usnout a prospat se až k vyléčení. Ale pouze pokud jste schopni akceptovat poteciálně temné vedlejší účinky. _bV poušti na jihu Kalifornie se nachází klinika specializovaná na jediný druh terapie - léčivý spánek určený těm, kteří truchlí pro své blízké. Tato klinika se nazývá Maková pole. Není snad nikdo, komu by se bolestné ztráty v životě vyhnuly, kdo by nepoznal, jaké je to přijít o milovaného člověka, jaké je být zdrcený žalem, truchlit s pocitem, že všechno ztratilo smysl, že mu došly síly, že už nemůže dál. Stačí si podat žádost a budete-li schváleni jako vhodní adepti, můžete si obléknout červené pyžamo a ulehnout na lůžko v Makových polích, kde prospíte jeden až dva měsíce, a až se probudíte, budete mít akutní fázi truchlení za sebou. Bude vám lehčeji a život půjde dál. Tedy pokud nebudete zrovna patřit k těm smolařům, které postihl vedlejší účinek. Nakladatelská anotace. Kráceno. |
|
| 655 | 7 | _aamerické romány | |
| 655 | 7 |
_avědecko-fantastické romány _9364 |
|
| 655 | 9 | _aAmerican fiction | |
| 655 | 9 |
_ascience fiction novels _9365 |
|
| 700 | 1 |
_aFaltejsková, Lenka, _d1974- _4aut _95586 |
|
| 710 | 2 |
_aDobrovský (firma) _4pbl _920424 |
|
| 910 | _aABG508 | ||
| 999 |
_c34264 _d34264 |
||